[Event "9th Vellmar Chess Days"]
[Site "chess24.com"]
[Date "2017.07.16"]
[Round "6"]
[White "Blum, Ralph"]
[Black "Schlachowitsch, Markus"]
[Result "0-1"]
[Board "17"]
[WhiteElo "2099"]
[WhiteCountry "GER"]
[WhiteFideId "4633520"]
[WhiteEloChange "-14"]
[BlackElo "1964"]
[BlackCountry "GER"]
[BlackFideId "4655583"]
[BlackEloChange "14"]

1. d4 {[%clk 1:30:50]} e6 {[%clk 1:30:30]} 2. e4 {[%clk 1:30:50]} b6 {[%clk
1:30:35]} 3. c4 {[%clk 1:28:42]} Bb7 {[%clk 1:30:59]} 4. Nc3 {[%clk 1:28:58]} Bb4
{[%clk 1:31:13]} 5. f3 {[%clk 1:28:48]} Ne7 {[%clk 1:29:01]} 6. Bd3 {[%clk
1:28:58]} d5 {[%clk 1:29:01]} 7. a3 {[%clk 1:24:19]} Bxc3+ {[%clk 1:29:21]} 8.
bxc3 {[%clk 1:24:38]} Nbc6 {[%clk 1:28:53]} 9. Ne2 {[%clk 1:23:00]} Na5 {[%clk
1:28:31]} 10. cxd5 {[%clk 1:23:11]} exd5 {[%clk 1:28:55]} 11. O-O {[%clk
1:22:20]} Qd7 {[%clk 1:28:37]} 12. a4 {[%clk 1:17:34]} O-O-O {[%clk 1:28:53]} 13.
Ba3 {[%clk 1:03:42]} Rhe8 {[%clk 1:28:07]} 14. Ng3 {[%clk 1:00:19]} g6 {[%clk
1:28:03]} 15. Qe2 {[%clk 0:56:30]} f5 {[%clk 1:26:42]} 16. e5 {[%clk 0:56:16]}
Qe6 {[%clk 1:25:34]} 17. Rfb1 {[%clk 0:51:24]} f4 {[%clk 1:25:40]} 18. Nf1 {[%clk
0:51:22]} Nc4 {[%clk 1:25:43]} 19. Bxe7 {[%clk 0:49:26]} Rxe7 {[%clk 1:25:32]}
20. Bxc4 {[%clk 0:49:28]} dxc4 {[%clk 1:25:51]} 21. a5 {[%clk 0:49:06]} Bd5
{[%clk 1:24:27]} 22. Nd2 {[%clk 0:47:29]} g5 {[%clk 1:24:17]} 23. axb6 {[%clk
0:41:40]} cxb6 {[%clk 1:23:16]} 24. Rb4 {[%clk 0:41:07]} g4 {[%clk 1:21:55]} 25.
Rf1 {[%clk 0:21:35]} gxf3 {[%clk 1:22:12]} 26. Nxf3 {[%clk 0:21:53]} Rg8 {[%clk
1:20:25]} 27. Rb2 {[%clk 0:18:25]} Reg7 {[%clk 1:18:26]} 28. Rf2 {[%clk 0:17:44]}
h5 {[%clk 1:18:41]} 29. Kf1 {[%clk 0:11:33]} Rg4 {[%clk 1:16:47]} 30. Ke1 {[%clk
0:09:14]} Qc6 {[%clk 1:16:26]} 31. Kd1 {[%clk 0:06:57]} Rxg2 {[%clk 1:15:46]} 32.
Ne1 {[%clk 0:07:09]} f3 {[%clk 1:11:59]} 33. Qe3 {[%clk 0:07:25]} Qa4+ {[%clk
1:11:55]} 34. Kd2 {[%clk 0:05:54]} Qa1 {[%clk 1:11:12]} 35. Rc2 {[%clk 0:02:04]}
Rxf2+ {[%clk 1:10:46]} 36. Qxf2 {[%clk 0:02:18]} Be4 {[%clk 1:09:34]} 37. Qf1
{[%clk 0:02:45]} Rg2+ {[%clk 1:08:33]} 38. Ke3 {[%clk 0:02:49]} Bd3 {[%clk
1:05:43]} 39. Qxf3 {[%clk 0:03:16]} Qxe1+ {[%clk 1:06:04]} 40. Kf4 {[%clk
0:03:39]} Rg4+ {[%clk 1:05:57]} 0-1

[Event "9th Vellmar Chess Days"]
[Site "chess24.com"]
[Date "2017.07.16"]
[Round "6"]
[White "Reitz, Philipp"]
[Black "Kuhn, Norbert"]
[Result "0-1"]
[Board "18"]
[WhiteElo "1976"]
[WhiteCountry "GER"]
[WhiteFideId "12973297"]
[WhiteEloChange "-7"]
[BlackElo "2094"]
[BlackCountry "GER"]
[BlackFideId "4644697"]
[BlackEloChange "7"]

1. e4 {[%clk 1:30:53]} e6 {[%clk 1:24:45]} 2. d4 {[%clk 1:31:16]} d5 {[%clk
1:25:12]} 3. Nc3 {[%clk 1:31:31]} Bb4 {[%clk 1:25:26]} 4. e5 {[%clk 1:31:56]} c5
{[%clk 1:25:52]} 5. Bd2 {[%clk 1:32:21]} cxd4 {[%clk 1:25:42]} 6. Nb5 {[%clk
1:32:46]} Bc5 {[%clk 1:26:02]} 7. Qg4 {[%clk 1:33:06]} Ne7 {[%clk 1:24:09]} 8. b4
{[%clk 1:30:24]} a6 {[%clk 1:23:39]} 9. Qxg7 {[%clk 1:25:58]} Rg8 {[%clk
1:23:53]} 10. Qxh7 {[%clk 1:25:01]} axb5 {[%clk 1:23:12]} 11. bxc5 {[%clk
1:25:21]} Na6 {[%clk 1:20:29]} 12. Nf3 {[%clk 1:16:17]} Nxc5 {[%clk 1:19:37]} 13.
Ng5 {[%clk 1:13:46]} Rf8 {[%clk 1:19:07]} 14. Be2 {[%clk 1:13:28]} Qc7 {[%clk
1:08:32]} 15. Nxf7 {[%clk 1:01:19]} Rxf7 {[%clk 0:53:17]} 16. Qh8+ {[%clk
1:01:18]} Rf8 {[%clk 0:51:58]} 17. Bh5+ {[%clk 1:01:43]} Kd7 {[%clk 0:52:21]} 18.
Qxf8 {[%clk 1:02:07]} Qxe5+ {[%clk 0:52:42]} 19. Be3 {[%clk 0:54:12]} dxe3 {[%clk
0:35:01]} 20. Qe8+ {[%clk 0:54:35]} Kd6 {[%clk 0:35:04]} 21. O-O {[%clk 0:54:41]}
exf2+ {[%clk 0:35:20]} 22. Kh1 {[%clk 0:55:05]} Ra4 {[%clk 0:22:48]} 23. Qd8+
{[%clk 0:50:16]} Nd7 {[%clk 0:22:33]} 24. Bf3 {[%clk 0:46:56]} Rh4 {[%clk
0:16:56]} 25. h3 {[%clk 0:47:19]} Qg3 {[%clk 0:16:45]} 26. Bg4 {[%clk 0:47:44]}
Rxg4 {[%clk 0:16:48]} 27. hxg4 {[%clk 0:48:09]} Qh4# {[%clk 0:16:48]} 0-1

[Event "9th Vellmar Chess Days"]
[Site "chess24.com"]
[Date "2017.07.16"]
[Round "6"]
[White "Lutz, Ruben"]
[Black "von Zimmermann, Georg"]
[Result "1/2-1/2"]
[Board "19"]
[WhiteElo "1959"]
[WhiteCountry "GER"]
[WhiteFideId "12975974"]
[WhiteEloChange "3"]
[BlackElo "2072"]
[BlackCountry "GER"]
[BlackFideId "4663284"]
[BlackEloChange "-3"]

1. d4 {[%clk 1:30:56]} Nf6 {[%clk 1:14:58]} 2. Nf3 {[%clk 1:31:19]} g6 {[%clk
1:15:15]} 3. Bg5 {[%clk 1:31:44]} Ne4 {[%clk 1:15:22]} 4. Bh4 {[%clk 1:32:09]} c5
{[%clk 1:12:30]} 5. c3 {[%clk 1:32:06]} Qb6 {[%clk 1:08:23]} 6. Qb3 {[%clk
1:31:58]} Qxb3 {[%clk 1:04:14]} 7. axb3 {[%clk 1:32:23]} Bg7 {[%clk 1:00:52]} 8.
e3 {[%clk 1:32:38]} d6 {[%clk 0:46:15]} 9. Nbd2 {[%clk 1:32:16]} Bf5 {[%clk
0:39:58]} 10. Bb5+ {[%clk 1:30:06]} Nd7 {[%clk 0:40:00]} 11. O-O {[%clk 1:28:53]}
a6 {[%clk 0:36:05]} 12. Nxe4 {[%clk 1:10:45]} Bxe4 {[%clk 0:36:30]} 13. Nd2
{[%clk 1:10:40]} Bc6 {[%clk 0:28:17]} 14. Bxc6 {[%clk 1:10:47]} bxc6 {[%clk
0:28:46]} 15. Ra3 {[%clk 1:09:41]} cxd4 {[%clk 0:26:49]} 16. exd4 {[%clk
1:09:34]} c5 {[%clk 0:26:02]} 17. Re1 {[%clk 1:08:15]} Bf6 {[%clk 0:18:12]} 18.
Bxf6 {[%clk 1:08:27]} Nxf6 {[%clk 0:18:41]} 19. dxc5 {[%clk 1:08:25]} dxc5 {[%clk
0:19:06]} 20. Rea1 {[%clk 1:08:08]} O-O {[%clk 0:18:20]} 21. Rxa6 {[%clk
1:07:20]} Rxa6 {[%clk 0:18:40]} 22. Rxa6 {[%clk 1:07:45]} Rd8 {[%clk 0:18:44]}
23. Nf1 {[%clk 1:08:01]} Rd1 {[%clk 0:17:24]} 24. f3 {[%clk 1:04:29]} Nd5 {[%clk
0:16:06]} 25. Kf2 {[%clk 1:01:00]} Rc1 {[%clk 0:12:06]} 26. Rc6 {[%clk 0:47:11]}
1/2-1/2

[Event "9th Vellmar Chess Days"]
[Site "chess24.com"]
[Date "2017.07.16"]
[Round "6"]
[White "Reichenbaecher, Thomas"]
[Black "Toepfer, Albrecht"]
[Result "0-1"]
[Board "20"]
[WhiteElo "1975"]
[WhiteCountry "GER"]
[WhiteFideId "4643402"]
[WhiteEloChange "-8"]
[BlackElo "2060"]
[BlackCountry "GER"]
[BlackFideId "12924067"]
[BlackEloChange "8"]

1. d4 {[%clk 1:30:58]} Nf6 {[%clk 1:30:44]} 2. c4 {[%clk 1:31:22]} g6 {[%clk
1:31:01]} 3. f3 {[%clk 1:31:32]} c5 {[%clk 1:24:36]} 4. d5 {[%clk 1:30:56]} d6
{[%clk 1:24:27]} 5. e4 {[%clk 1:29:49]} Bg7 {[%clk 1:16:58]} 6. Bd3 {[%clk
1:29:29]} Nbd7 {[%clk 1:16:00]} 7. f4 {[%clk 1:27:29]} b5 {[%clk 1:13:57]} 8. Nf3
{[%clk 1:25:07]} bxc4 {[%clk 1:13:30]} 9. Bc2 {[%clk 1:25:36]} Nb6 {[%clk
1:10:06]} 10. Nc3 {[%clk 1:23:17]} O-O {[%clk 1:08:11]} 11. O-O {[%clk 1:21:43]}
Ne8 {[%clk 0:55:57]} 12. a4 {[%clk 1:16:43]} a5 {[%clk 0:54:23]} 13. Ra3 {[%clk
1:15:47]} Nc7 {[%clk 0:50:27]} 14. Kh1 {[%clk 1:10:00]} f5 {[%clk 0:37:14]} 15.
Ng5 {[%clk 0:56:08]} h6 {[%clk 0:36:48]} 16. exf5 {[%clk 0:48:40]} gxf5 {[%clk
0:24:22]} 17. Nh3 {[%clk 0:48:00]} Qe8 {[%clk 0:24:12]} 18. Ne2 {[%clk 0:42:11]}
Nbxd5 {[%clk 0:21:40]} 19. Ng3 {[%clk 0:42:27]} e6 {[%clk 0:21:14]} 20. Nh5
{[%clk 0:42:00]} Bd4 {[%clk 0:18:59]} 21. Qf3 {[%clk 0:40:51]} Kh8 {[%clk
0:15:11]} 22. Qg3 {[%clk 0:38:44]} Qxh5 {[%clk 0:15:08]} 23. Bd1 {[%clk 0:38:44]}
Qf7 {[%clk 0:14:51]} 24. Qh4 {[%clk 0:38:41]} Qf6 {[%clk 0:13:10]} 25. Ng5 {[%clk
0:33:06]} Bb7 {[%clk 0:09:43]} 26. Rh3 {[%clk 0:32:33]} Kg7 {[%clk 0:08:52]} 27.
Rg3 {[%clk 0:32:44]} hxg5 {[%clk 0:08:05]} 28. Rxg5+ {[%clk 0:32:09]} Kf7 {[%clk
0:08:14]} 29. Qh7+ {[%clk 0:32:29]} Ke8 {[%clk 0:08:27]} 30. Bh5+ {[%clk
0:30:08]} Kd8 {[%clk 0:08:18]} 31. Rf3 {[%clk 0:27:36]} Rh8 {[%clk 0:07:04]} 32.
Rg8+ {[%clk 0:27:46]} Rxg8 {[%clk 0:07:25]} 33. Qxg8+ {[%clk 0:28:10]} Kd7 {[%clk
0:07:49]} 34. Qh7+ {[%clk 0:26:32]} Qg7 {[%clk 0:08:12]} 0-1

[Event "9th Vellmar Chess Days"]
[Site "chess24.com"]
[Date "2017.07.16"]
[Round "6"]
[White "Werner, Martin"]
[Black "Englert, Jon"]
[Result "0-1"]
[Board "21"]
[WhiteElo "2036"]
[WhiteCountry "GER"]
[WhiteFideId "4607970"]
[WhiteEloChange "-14"]
[BlackElo "1904"]
[BlackCountry "GER"]
[BlackFideId "12992275"]
[BlackEloChange "14"]

1. e4 {[%clk 1:29:17]} c5 {[%clk 1:28:53]} 2. c3 {[%clk 1:29:17]} d6 {[%clk
1:21:51]} 3. d4 {[%clk 1:29:07]} Nf6 {[%clk 1:18:46]} 4. dxc5 {[%clk 1:28:47]}
dxc5 {[%clk 1:18:03]} 5. Qxd8+ {[%clk 1:26:04]} Kxd8 {[%clk 1:18:22]} 6. f3
{[%clk 1:25:12]} e6 {[%clk 1:06:18]} 7. Na3 {[%clk 1:22:32]} b6 {[%clk 0:53:51]}
8. Bf4 {[%clk 1:20:41]} Nh5 {[%clk 0:47:28]} 9. O-O-O+ {[%clk 1:14:17]} Nd7
{[%clk 0:46:40]} 10. Be3 {[%clk 1:12:09]} Kc7 {[%clk 0:41:44]} 11. Nh3 {[%clk
1:06:29]} h6 {[%clk 0:35:35]} 12. e5 {[%clk 0:56:50]} g5 {[%clk 0:31:11]} 13. Bd3
{[%clk 0:47:04]} Bb7 {[%clk 0:22:02]} 14. Nf2 {[%clk 0:20:05]} a6 {[%clk
0:18:09]} 15. Nc4 {[%clk 0:17:28]} Rd8 {[%clk 0:11:44]} 16. Be4 {[%clk 0:15:31]}
Bxe4 {[%clk 0:10:27]} 17. Nxe4 {[%clk 0:15:37]} Nf4 {[%clk 0:10:12]} 18. g3
{[%clk 0:09:17]} Nd5 {[%clk 0:07:34]} 19. Rhe1 {[%clk 0:08:23]} b5 {[%clk
0:06:45]} 20. Na5 {[%clk 0:02:48]} Nxe5 {[%clk 0:06:10]} 21. Bxc5 {[%clk
0:02:31]} Bxc5 {[%clk 0:05:55]} 22. Nxc5 {[%clk 0:02:35]} Nxf3 {[%clk 0:05:23]}
23. Re4 {[%clk 0:01:18]} Nf6 {[%clk 0:04:53]} 24. Re2 {[%clk 0:01:23]} Rxd1+
{[%clk 0:04:40]} 25. Kxd1 {[%clk 0:01:52]} Rd8+ {[%clk 0:04:16]} 26. Kc2 {[%clk
0:02:18]} Kb6 {[%clk 0:03:47]} 27. Nab3 {[%clk 0:02:16]} Ng4 {[%clk 0:02:39]} 28.
h3 {[%clk 0:01:44]} Nge5 {[%clk 0:02:22]} 29. Rf2 {[%clk 0:01:31]} Rd5 {[%clk
0:01:43]} 30. Nd4 {[%clk 0:00:38]} Kxc5 {[%clk 0:01:10]} 31. Nxf3 {[%clk
0:01:00]} Nxf3 {[%clk 0:01:33]} 32. Rxf3 {[%clk 0:01:21]} Rf5 {[%clk 0:01:18]}
33. Rd3 {[%clk 0:01:09]} Rf2+ {[%clk 0:01:32]} 34. Kb3 {[%clk 0:00:58]} f5 {[%clk
0:01:24]} 35. a4 {[%clk 0:00:38]} bxa4+ {[%clk 0:01:15]} 36. Ka3 {[%clk 0:00:46]}
e5 {[%clk 0:01:19]} 37. Rd8 {[%clk 0:00:43]} e4 {[%clk 0:00:56]} 38. Rc8+ {[%clk
0:01:04]} Kd6 {[%clk 0:01:01]} 39. Rh8 {[%clk 0:01:05]} e3 {[%clk 0:01:04]} 40.
Rxh6+ {[%clk 0:01:22]} Kd5 {[%clk 0:01:24]} 41. Rh8 {[%clk 0:30:20]} f4 {[%clk
0:31:09]} 42. gxf4 {[%clk 0:30:00]} gxf4 {[%clk 0:31:17]} 43. h4 {[%clk 0:29:20]}
e2 {[%clk 0:30:25]} 44. Re8 {[%clk 0:29:13]} f3 {[%clk 0:30:43]} 0-1

[Event "9th Vellmar Chess Days"]
[Site "chess24.com"]
[Date "2017.07.16"]
[Round "6"]
[White "Bennedik, Martin"]
[Black "Kobs, Stephan"]
[Result "1-0"]
[Board "22"]
[WhiteElo "2086"]
[WhiteCountry "GER"]
[WhiteFideId "4618840"]
[WhiteEloChange "6"]
[BlackElo "1938"]
[BlackCountry "GER"]
[BlackFideId "4684656"]
[BlackEloChange "-6"]

1. e4 {[%clk 1:30:58]} c5 {[%clk 1:30:40]} 2. Nf3 {[%clk 1:31:22]} d6 {[%clk
1:30:55]} 3. d4 {[%clk 1:31:47]} cxd4 {[%clk 1:31:10]} 4. Nxd4 {[%clk 1:32:11]}
Nf6 {[%clk 1:31:26]} 5. Nc3 {[%clk 1:32:36]} a6 {[%clk 1:31:43]} 6. Be2 {[%clk
1:32:12]} e6 {[%clk 1:30:35]} 7. O-O {[%clk 1:32:14]} Be7 {[%clk 1:30:42]} 8. Be3
{[%clk 1:30:16]} O-O {[%clk 1:29:31]} 9. f4 {[%clk 1:30:04]} Qc7 {[%clk 1:29:44]}
10. g4 {[%clk 1:27:53]} Nc6 {[%clk 1:23:11]} 11. g5 {[%clk 1:26:09]} Nd7 {[%clk
1:23:33]} 12. f5 {[%clk 1:23:51]} Nde5 {[%clk 1:03:20]} 13. f6 {[%clk 1:07:18]}
Bd8 {[%clk 1:01:31]} 14. Bd3 {[%clk 0:56:02]} g6 {[%clk 0:56:12]} 15. Qe1 {[%clk
0:43:13]} Kh8 {[%clk 0:54:58]} 16. Qh4 {[%clk 0:39:00]} h5 {[%clk 0:42:38]} 17.
Be2 {[%clk 0:36:44]} Kh7 {[%clk 0:42:19]} 18. Bxh5 {[%clk 0:29:30]} Rh8 {[%clk
0:42:43]} 19. Be2+ {[%clk 0:29:25]} Kg8 {[%clk 0:43:00]} 20. Qg3 {[%clk 0:29:16]}
Nxd4 {[%clk 0:28:14]} 21. Bxd4 {[%clk 0:28:22]} Nc6 {[%clk 0:19:43]} 22. Be3
{[%clk 0:28:22]} Qa5 {[%clk 0:19:42]} 23. Qxd6 {[%clk 0:11:18]} Bc7 {[%clk
0:19:21]} 24. Qc5 {[%clk 0:11:20]} Qxc5 {[%clk 0:11:20]} 25. Bxc5 {[%clk
0:11:36]} b6 {[%clk 0:10:00]} 26. Be3 {[%clk 0:11:14]} Rxh2 {[%clk 0:05:21]} 27.
Bxb6 {[%clk 0:07:33]} Rxe2 {[%clk 0:05:43]} 28. Bxc7 {[%clk 0:07:53]} Rxc2 {[%clk
0:06:03]} 29. Rf2 {[%clk 0:06:18]} Rxf2 {[%clk 0:06:04]} 30. Kxf2 {[%clk
0:06:47]} Ra7 {[%clk 0:05:07]} 31. Bd6 {[%clk 0:06:11]} Rb7 {[%clk 0:05:08]} 32.
b3 {[%clk 0:06:26]} Rd7 {[%clk 0:03:02]} 33. Rd1 {[%clk 0:06:46]} Nd8 {[%clk
0:03:02]} 34. Na4 {[%clk 0:04:03]} Nb7 {[%clk 0:03:15]} 35. e5 {[%clk 0:04:31]}
Rd8 {[%clk 0:00:41]} 36. Nb6 {[%clk 0:02:50]} Nc5 {[%clk 0:00:38]} 37. Nxc8
{[%clk 0:02:40]} Rxc8 {[%clk 0:01:06]} 38. Ke3 {[%clk 0:01:46]} Nd7 {[%clk
0:00:53]} 39. Rd4 {[%clk 0:00:50]} Nb6 {[%clk 0:00:41]} 40. Kd3 {[%clk 0:00:54]}
Nd5 {[%clk 0:00:41]} 41. Rc4 {[%clk 0:28:28]} Ra8 {[%clk 0:29:14]} 42. Kd4 {[%clk
0:23:00]} Nf4 {[%clk 0:28:14]} 43. Kc5 {[%clk 0:21:27]} Nh3 {[%clk 0:27:01]} 44.
Kb6 {[%clk 0:21:06]} Nxg5 {[%clk 0:26:53]} 45. Kb7 {[%clk 0:20:37]} Re8 {[%clk
0:26:53]} 46. b4 {[%clk 0:19:15]} Nf3 {[%clk 0:24:35]} 47. a4 {[%clk 0:17:48]}
Kh7 {[%clk 0:23:55]} 48. Rc7 {[%clk 0:15:54]} Kg8 {[%clk 0:23:55]} 49. Kxa6
{[%clk 0:15:33]} Ra8+ {[%clk 0:23:39]} 50. Ra7 {[%clk 0:15:33]} Rc8 {[%clk
0:23:34]} 51. b5 {[%clk 0:13:01]} 1-0

[Event "9th Vellmar Chess Days"]
[Site "chess24.com"]
[Date "2017.07.16"]
[Round "6"]
[White "Zell, Daniel"]
[Black "Eggenstein, Frank"]
[Result "0-1"]
[Board "23"]
[WhiteElo "1938"]
[WhiteCountry "GER"]
[WhiteFideId "12937940"]
[WhiteEloChange "-7"]
[BlackElo "2047"]
[BlackCountry "GER"]
[BlackFideId "4651278"]
[BlackEloChange "7"]

1. e4 {[%clk 1:30:58]} e6 {[%clk 1:30:53]} 2. d4 {[%clk 1:31:15]} d5 {[%clk
1:31:16]} 3. exd5 {[%clk 1:31:18]} exd5 {[%clk 1:31:37]} 4. Nf3 {[%clk 1:31:34]}
Nc6 {[%clk 1:31:40]} 5. Bb5 {[%clk 1:31:44]} Bd6 {[%clk 1:31:00]} 6. O-O {[%clk
1:31:47]} Ne7 {[%clk 1:26:10]} 7. Bg5 {[%clk 1:30:16]} f6 {[%clk 1:25:32]} 8. Bh4
{[%clk 1:30:23]} O-O {[%clk 1:19:55]} 9. c3 {[%clk 1:29:57]} Nf5 {[%clk 1:11:07]}
10. Bd3 {[%clk 1:28:21]} Nce7 {[%clk 1:10:27]} 11. Qc2 {[%clk 1:26:02]} g6 {[%clk
1:10:09]} 12. Nbd2 {[%clk 1:25:59]} Ng7 {[%clk 1:00:01]} 13. Rae1 {[%clk
1:25:21]} Bf5 {[%clk 0:58:58]} 14. Bg3 {[%clk 1:25:23]} Bxg3 {[%clk 0:56:27]} 15.
fxg3 {[%clk 1:25:35]} Qd7 {[%clk 0:55:38]} 16. Re2 {[%clk 1:22:20]} Rae8 {[%clk
0:54:18]} 17. Rfe1 {[%clk 1:22:35]} c6 {[%clk 0:51:23]} 18. Nf1 {[%clk 1:20:10]}
Bxd3 {[%clk 0:49:01]} 19. Qxd3 {[%clk 1:20:08]} Nef5 {[%clk 0:49:06]} 20. g4
{[%clk 1:16:16]} Nd6 {[%clk 0:43:09]} 21. g5 {[%clk 1:12:24]} f5 {[%clk 0:41:09]}
22. Ne5 {[%clk 1:12:30]} Qd8 {[%clk 0:41:15]} 23. h4 {[%clk 1:12:38]} Ne4 {[%clk
0:41:03]} 24. b4 {[%clk 1:09:48]} Re7 {[%clk 0:31:27]} 25. Ng3 {[%clk 1:08:31]}
Qb6 {[%clk 0:27:51]} 26. Nxe4 {[%clk 1:08:37]} fxe4 {[%clk 0:27:13]} 27. Qh3
{[%clk 1:08:34]} Rxe5 {[%clk 0:26:58]} 0-1

[Event "9th Vellmar Chess Days"]
[Site "chess24.com"]
[Date "2017.07.16"]
[Round "6"]
[White "Hettler, Wolfgang"]
[Black "Thomasson, Staffan"]
[Result "1/2-1/2"]
[Board "24"]
[WhiteElo "2040"]
[WhiteCountry "GER"]
[WhiteFideId "4677706"]
[WhiteEloChange "-3"]
[BlackElo "1921"]
[BlackCountry "SWE"]
[BlackFideId "1706284"]
[BlackEloChange "3"]

1. e4 {[%clk 1:30:27]} c5 {[%clk 1:30:39]} 2. Nf3 {[%clk 1:30:47]} g6 {[%clk
1:31:04]} 3. c3 {[%clk 1:31:06]} Bg7 {[%clk 1:30:35]} 4. Na3 {[%clk 1:31:24]} Nc6
{[%clk 1:30:00]} 5. Bb5 {[%clk 1:27:44]} Qc7 {[%clk 1:29:51]} 6. O-O {[%clk
1:28:02]} a6 {[%clk 1:30:10]} 7. Bxc6 {[%clk 1:28:20]} Qxc6 {[%clk 1:30:30]} 8.
Qe2 {[%clk 1:28:40]} d5 {[%clk 1:22:50]} 9. exd5 {[%clk 1:23:10]} Qxd5 {[%clk
1:23:14]} 10. h3 {[%clk 1:23:26]} e6 {[%clk 1:13:05]} 11. Nc4 {[%clk 1:18:05]}
Qd8 {[%clk 1:08:37]} 12. d4 {[%clk 1:17:43]} cxd4 {[%clk 1:04:03]} 13. Nxd4
{[%clk 1:17:37]} Nf6 {[%clk 1:00:20]} 14. Bg5 {[%clk 1:16:41]} Qc7 {[%clk
0:58:35]} 15. a4 {[%clk 1:09:02]} Nd5 {[%clk 0:54:26]} 16. Ne3 {[%clk 0:56:40]}
Nxe3 {[%clk 0:42:52]} 17. Qxe3 {[%clk 0:53:37]} Qe5 {[%clk 0:38:40]} 18. Qd2
{[%clk 0:50:37]} O-O {[%clk 0:35:25]} 19. Bh6 {[%clk 0:50:54]} Rd8 {[%clk
0:33:47]} 20. Bxg7 {[%clk 0:48:51]} Kxg7 {[%clk 0:33:56]} 21. Rfe1 {[%clk
0:49:10]} Qd5 {[%clk 0:33:49]} 22. Qe3 {[%clk 0:49:25]} 1/2-1/2

[Event "9th Vellmar Chess Days"]
[Site "chess24.com"]
[Date "2017.07.16"]
[Round "6"]
[White "Siebarth, Marco"]
[Black "Modric, Vladimir"]
[Result "1-0"]
[Board "25"]
[WhiteElo "2024"]
[WhiteCountry "GER"]
[WhiteFideId "24604330"]
[WhiteEloChange "7"]
[BlackElo "1903"]
[BlackCountry "GER"]
[BlackFideId "24628654"]
[BlackEloChange "-7"]

1. d4 {[%clk 1:29:48]} d6 {[%clk 1:28:35]} 2. e4 {[%clk 1:28:40]} g6 {[%clk
1:28:11]} 3. Nc3 {[%clk 1:26:39]} Bg7 {[%clk 1:24:11]} 4. f4 {[%clk 1:25:43]} a6
{[%clk 1:23:30]} 5. Nf3 {[%clk 1:26:06]} b5 {[%clk 1:22:29]} 6. Be3 {[%clk
1:20:23]} Nd7 {[%clk 1:20:52]} 7. Qd2 {[%clk 1:20:03]} e6 {[%clk 1:18:13]} 8. Be2
{[%clk 1:15:37]} Bb7 {[%clk 1:17:14]} 9. a3 {[%clk 1:14:06]} Ne7 {[%clk 1:15:44]}
10. O-O {[%clk 1:14:31]} O-O {[%clk 1:12:53]} 11. e5 {[%clk 1:06:05]} Bxf3 {[%clk
1:10:22]} 12. Rxf3 {[%clk 1:04:56]} d5 {[%clk 1:10:25]} 13. g4 {[%clk 1:03:27]}
Rc8 {[%clk 0:53:45]} 14. b4 {[%clk 0:53:08]} Nb6 {[%clk 0:50:31]} 15. Raf1 {[%clk
0:49:41]} f5 {[%clk 0:45:05]} 16. exf6 {[%clk 0:48:36]} Bxf6 {[%clk 0:33:13]} 17.
Bd3 {[%clk 0:46:25]} Nc4 {[%clk 0:31:50]} 18. Qf2 {[%clk 0:46:02]} Nd6 {[%clk
0:26:20]} 19. Ne2 {[%clk 0:42:12]} Ne4 {[%clk 0:16:17]} 20. Qg2 {[%clk 0:41:27]}
Rf7 {[%clk 0:07:48]} 21. Rh3 {[%clk 0:41:17]} Nd6 {[%clk 0:01:53]} 22. f5 {[%clk
0:27:52]} exf5 {[%clk 0:02:07]} 23. gxf5 {[%clk 0:27:56]} g5 {[%clk 0:01:14]} 24.
Rg3 {[%clk 0:25:08]} h6 {[%clk 0:00:48]} 25. h4 {[%clk 0:25:31]} Rg7 {[%clk
0:00:35]} 26. hxg5 {[%clk 0:25:28]} hxg5 {[%clk 0:01:03]} 27. Bxg5 {[%clk
0:25:35]} Bxg5 {[%clk 0:00:57]} 28. Rxg5 {[%clk 0:25:48]} 1-0

[Event "9th Vellmar Chess Days"]
[Site "chess24.com"]
[Date "2017.07.16"]
[Round "6"]
[White "Niebergall, Gerhard"]
[Black "Lehnert, Michael"]
[Result "1/2-1/2"]
[Board "26"]
[WhiteElo "2001"]
[WhiteCountry "GER"]
[WhiteFideId "4624203"]
[WhiteEloChange "-3"]
[BlackElo "1899"]
[BlackCountry "GER"]
[BlackFideId "4610210"]
[BlackEloChange "3"]

1. d4 {[%clk 1:26:17]} g6 {[%clk 1:30:44]} 2. e4 {[%clk 1:23:35]} Bg7 {[%clk
1:30:51]} 3. Nf3 {[%clk 1:22:43]} d6 {[%clk 1:31:08]} 4. h3 {[%clk 1:22:52]} e6
{[%clk 1:31:08]} 5. Nc3 {[%clk 1:20:34]} f6 {[%clk 1:30:16]} 6. Be3 {[%clk
1:17:50]} Nh6 {[%clk 1:30:16]} 7. Qd2 {[%clk 1:14:41]} Nf7 {[%clk 1:30:39]} 8.
Bc4 {[%clk 1:10:47]} c6 {[%clk 1:28:59]} 9. a4 {[%clk 1:10:46]} a5 {[%clk
1:28:29]} 10. O-O {[%clk 1:10:48]} d5 {[%clk 1:24:50]} 11. Bd3 {[%clk 1:06:14]}
O-O {[%clk 1:21:11]} 12. Rae1 {[%clk 0:53:06]} Na6 {[%clk 1:19:18]} 13. Bxa6
{[%clk 0:45:03]} Rxa6 {[%clk 1:17:29]} 14. exd5 {[%clk 0:45:27]} 1/2-1/2

[Event "9th Vellmar Chess Days"]
[Site "chess24.com"]
[Date "2017.07.16"]
[Round "6"]
[White "Bajorski, Marius"]
[Black "Doerge, Sven"]
[Result "1/2-1/2"]
[Board "27"]
[WhiteElo "1896"]
[WhiteCountry "GER"]
[WhiteFideId "12938831"]
[WhiteEloChange "3"]
[BlackElo "2000"]
[BlackCountry "GER"]
[BlackFideId "24657638"]
[BlackEloChange "-3"]

1. d4 {[%clk 1:30:30]} d5 {[%clk 1:27:00]} 2. Nc3 {[%clk 1:30:56]} c6 {[%clk
1:26:45]} 3. Bf4 {[%clk 1:31:13]} Nd7 {[%clk 1:27:00]} 4. Nf3 {[%clk 1:30:48]} e6
{[%clk 1:27:25]} 5. e3 {[%clk 1:30:32]} Ne7 {[%clk 1:25:14]} 6. Bd3 {[%clk
1:25:13]} Ng6 {[%clk 1:23:18]} 7. Bg3 {[%clk 1:25:34]} f5 {[%clk 1:23:08]} 8. Ne2
{[%clk 1:23:34]} Be7 {[%clk 1:18:02]} 9. Nf4 {[%clk 1:17:50]} Ngf8 {[%clk
1:09:24]} 10. c3 {[%clk 1:10:31]} g6 {[%clk 0:58:21]} 11. Bc2 {[%clk 1:07:44]}
Bf6 {[%clk 0:56:51]} 12. Nd3 {[%clk 1:06:45]} Qe7 {[%clk 0:55:44]} 13. Qe2 {[%clk
1:00:40]} a5 {[%clk 0:50:55]} 14. Kd2 {[%clk 0:52:30]} Bg7 {[%clk 0:40:43]} 15.
Rhb1 {[%clk 0:44:56]} h6 {[%clk 0:36:45]} 16. b3 {[%clk 0:37:20]} Nh7 {[%clk
0:36:12]} 17. Nfe5 {[%clk 0:30:26]} Nxe5 {[%clk 0:30:40]} 18. Bxe5 {[%clk
0:30:24]} O-O {[%clk 0:30:17]} 19. Bxg7 {[%clk 0:26:28]} Kxg7 {[%clk 0:29:24]}
20. Rh1 {[%clk 0:23:37]} b6 {[%clk 0:28:29]} 21. Ne5 {[%clk 0:21:26]} Qc7 {[%clk
0:27:22]} 22. g4 {[%clk 0:20:22]} Ba6 {[%clk 0:27:15]} 23. Qe1 {[%clk 0:12:20]}
Ng5 {[%clk 0:25:14]} 24. Kc1 {[%clk 0:10:50]} Nf7 {[%clk 0:24:25]} 25. f4 {[%clk
0:08:58]} Nxe5 {[%clk 0:24:33]} 26. dxe5 {[%clk 0:09:17]} c5 {[%clk 0:23:24]} 27.
gxf5 {[%clk 0:09:00]} gxf5 {[%clk 0:22:35]} 28. Qh4 {[%clk 0:07:57]} Kh7 {[%clk
0:21:34]} 29. Rg1 {[%clk 0:07:15]} d4 {[%clk 0:20:31]} 30. Qh5 {[%clk 0:06:13]}
Rg8 {[%clk 0:18:23]} 31. Bxf5+ {[%clk 0:06:22]} exf5 {[%clk 0:18:39]} 32. Qxf5+
{[%clk 0:06:45]} Kh8 {[%clk 0:18:28]} 33. Qf6+ {[%clk 0:07:11]} Rg7 {[%clk
0:18:27]} 34. Qxh6+ {[%clk 0:07:31]} Kg8 {[%clk 0:18:32]} 35. Rxg7+ {[%clk
0:05:20]} Qxg7 {[%clk 0:18:58]} 36. Qxg7+ {[%clk 0:04:46]} Kxg7 {[%clk 0:19:27]}
37. exd4 {[%clk 0:05:01]} cxd4 {[%clk 0:19:55]} 38. cxd4 {[%clk 0:05:25]} Rd8
{[%clk 0:20:00]} 39. Kc2 {[%clk 0:05:11]} Rxd4 {[%clk 0:20:27]} 40. Rg1+ {[%clk
0:04:54]} Kf7 {[%clk 0:19:36]} 1/2-1/2